Otázky strojového prekladu

Guardado en:
Detalles Bibliográficos
Formato: Libro
Lenguaje:eslovaco
Publicado: Bratislava Slovenská technická knižnica 1986
Edición:1. vyd.
Etiquetas: Agregar Etiqueta
Sin Etiquetas, Sea el primero en etiquetar este registro!

MARC

LEADER 00000nam a2200000 4500
001 c024921
005 20221219101151.8
041 0 |a slo 
044 |a SK 
245 1 0 |a Otázky strojového prekladu 
250 |a 1. vyd. 
264 1 |a Bratislava  |b Slovenská technická knižnica  |c 1986 
300 |a 29 s.